| 000 | 00789nam a22002057a 4500 | ||
|---|---|---|---|
| 003 | BD-DhUL | ||
| 005 | 20160830161236.0 | ||
| 008 | 160202s2010 bg ||||| |||| 00| 0 ben | ||
| 040 |
_aBD-DhUL _cBD-DhUL |
||
| 082 | 0 |
_a954.924 _bSAM |
|
| 100 | 1 | _aহক, মো: হামিদুল | |
| 245 | 1 | 0 |
_aসম্ভাবনাময় দিনাজপুর / _cহক, মো: হামিদুল |
| 260 |
_aঢাকা : _bম্যাগনাম ওপাস, _c২০১৩. |
||
| 300 |
_a১৪৩ পৃ. : _bচিত্র ; _c২২ সেমি. |
||
| 365 |
_aBDT _b135 |
||
| 504 | _aগ্রন্থপঞ্জিগত তথ্য সংবলিত | ||
| 651 | 0 |
_aBangladesh _vHistory |
|
| 651 | 0 | _vদিনাজপুর - ইতিহাস | |
| 942 |
_2ddc _cBK |
||
| 999 |
_c103005 _d103005 |
||